[Event "GBR-ch76"]
[Site "Plymouth"]
[Date "1989.08.09"]
[Round "9.1"]
[White "Chandler, Murray G"]
[Black "Plaskett, H James"]
[Result "0-1"]
[WhiteElo "2585"]
[BlackElo "2460"]
[PlyCount "142"]
[EventDate "1989.07.31"]
[EventType "swiss"]
[EventRounds "11"]
[EventCountry "GBR"]
[SourceTitle "ChessBase 2017"]
[Source "ChessBase"]
[SourceDate "1990.06.01"]
[SourceVersion "1"]
[SourceVersionDate "1990.06.01"]
[SourceQuality "1"]

1. e4 c5 2. Nf3 e6 3. d4 cxd4 4. Nxd4 Nf6 5. Nc3 d6 6. g4 e5 7. Bb5+ Bd7 8.
Bxd7+ Qxd7 9. Nf5 h5 10. f3 hxg4 11. fxg4 Rh3 12. Qe2 Qc6 13. Ng3 Nbd7 14. g5
Nh5 15. Rg1 Rc8 16. Be3 Nf4 17. Qd2 Nb6 18. Bxf4 exf4 19. Qxf4 g6 20. Rf1 Rc7
21. O-O-O Na4 22. Rf3 Bg7 23. Rxd6 Qc5 24. Rd5 Qc6 25. Qd2 Nxc3 26. bxc3 Rh4
27. Rd8+ Ke7 28. Rg8 Rd7 29. Qf2 Qe6 30. Rxg7 Kf8 31. Nf5 gxf5 32. Qxh4 Kxg7
33. Qh6+ Qxh6 34. gxh6+ Kxh6 35. Rxf5 Kg6 36. h4 f6 37. h5+ Kg7 38. Kb2 Re7 39.
Rf4 Re5 40. Rh4 Kh6 41. c4 Kg5 42. Rh1 Rxe4 43. h6 Re8 44. h7 Rh8 45. Kc3 Kg6
46. Kd4 Rxh7 47. Rg1+ Kf5 48. Kc5 Rc7+ 49. Kd5 Rd7+ 50. Kc5 Rc7+ 51. Kd5 b6 52.
Rf1+ Kg6 53. Rg1+ Kf5 54. Rf1+ Kg6 55. Rg1+ Kf7 56. c3 f5 57. Ke5 Rc5+ 58. Kd4
Kf6 59. Rg8 Rc7 60. Kd5 f4 61. a4 f3 62. Rh8 f2 63. Rh1 Kg5 64. Rf1 Rf7 65. c5
Rf5+ 66. Ke4 bxc5 67. Ke3 c4 68. a5 a6 69. Kd4 Kg4 70. Kxc4 Kf3 71. Kd4 Rxa5
0-1

[Event "GBR-ch76"]
[Site "Plymouth"]
[Date "1989.08.09"]
[Round "9.2"]
[White "Mestel, A Jonathan"]
[Black "Hodgson, Julian M"]
[Result "1/2-1/2"]
[WhiteElo "2520"]
[BlackElo "2535"]
[PlyCount "49"]
[EventDate "1989.07.31"]
[EventType "swiss"]
[EventRounds "11"]
[EventCountry "GBR"]
[SourceTitle "BritBase"]
[Source "John Saunders"]
[SourceDate "2023.12.16"]
[SourceVersion "1"]
[SourceVersionDate "2023.12.16"]
[SourceQuality "1"]

1. e4 c6 2. d4 d5 3. Nc3 dxe4 4. Nxe4 Nd7 5. Bc4 Ngf6 6. Ng5 e6 7. Qe2 Nb6 8.
Bd3 h6 9. N5f3 c5 10. dxc5 Bxc5 11. Ne5 Nbd7 12. Ngf3 Qc7 13. Bf4 Bb4+ 14. Kf1
Bd6 15. Re1 O-O 16. c3 b6 17. h4 Bb7 18. Nxd7 Qxd7 19. Ne5 Qc7 20. Rh3 Nd5 21.
Bc1 Rfd8 22. Rg3 Bxe5 23. Qxe5 Qxe5 24. Rxe5 Kf8 25. Re1 1/2-1/2

[Event "GBR-ch76"]
[Site "Plymouth"]
[Date "1989.08.09"]
[Round "9.4"]
[White "Howell, James C"]
[Black "King, Daniel John"]
[Result "0-1"]
[WhiteElo "2395"]
[BlackElo "2495"]
[PlyCount "82"]
[EventDate "1989.07.31"]
[EventType "swiss"]
[EventRounds "11"]
[EventCountry "GBR"]
[SourceTitle "BritBase"]
[Source "John Saunders"]
[SourceDate "2023.12.16"]
[SourceVersion "1"]
[SourceVersionDate "2023.12.16"]
[SourceQuality "1"]

1. d4 Nf6 2. c4 e6 3. Nc3 Bb4 4. e3 c5 5. Bd3 d5 6. Nf3 O-O 7. O-O Nc6 8. a3
Bxc3 9. bxc3 Qc7 10. cxd5 exd5 11. Nh4 Ne7 12. g3 Ng6 13. Ng2 Ne4 14. c4 cxd4
15. cxd5 Nc3 16. Qh5 Qd7 17. Bb2 Qh3 18. Qxh3 Bxh3 19. exd4 Nxd5 20. Be4 Rad8
21. Rfe1 Rd7 22. a4 Rfd8 23. Bxd5 Rxd5 24. Ne3 R5d7 25. d5 Ne7 26. Rad1 h5 27.
f3 Nxd5 28. Nxd5 Rxd5 29. Rxd5 Rxd5 30. Kf2 Bd7 31. Re5 Rxe5 32. Bxe5 Bxa4 33.
Ke3 f6 34. Bb8 a6 35. Kd4 Kf7 36. Kc5 Ke6 37. Kb6 Bc6 38. f4 Kf5 39. h3 Bg2 40.
h4 Kg4 41. Bd6 Kxg3 0-1

[Event "GBR-ch76"]
[Site "Plymouth"]
[Date "1989.08.09"]
[Round "9.5"]
[White "Norwood, David Robert"]
[Black "Levitt, Jonathan P"]
[Result "1-0"]
[WhiteElo "2485"]
[BlackElo "2480"]
[PlyCount "59"]
[EventDate "1989.07.31"]
[EventType "swiss"]
[EventRounds "11"]
[EventCountry "GBR"]
[SourceTitle "BritBase"]
[Source "John Saunders"]
[SourceDate "2023.12.16"]
[SourceVersion "1"]
[SourceVersionDate "2023.12.16"]
[SourceQuality "1"]

1. g3 e5 2. Bg2 c5 3. c4 Nc6 4. Nc3 g6 5. d3 Bg7 6. e3 Nge7 7. Nge2 O-O 8. O-O
d6 9. Rb1 Be6 10. Nd5 Rb8 11. Nec3 a6 12. Qa4 Bxd5 13. cxd5 b5 14. Qd1 Na7 15.
f4 exf4 16. gxf4 Nf5 17. Bh3 Nh4 18. Ne4 Qe7 19. f5 gxf5 20. Bxf5 c4 21. Bxh7+
Kxh7 22. Qh5+ Bh6 23. Nf6+ Kg7 24. Qxh4 Rh8 25. Qg4+ Kf8 26. Nd7+ Ke8 27. Nxb8
cxd3 28. Nc6 Nxc6 29. dxc6 f5 30. Qxf5 1-0

[Event "GBR-ch76"]
[Site "Plymouth"]
[Date "1989.08.09"]
[Round "9.6"]
[White "Ravi, Lanka"]
[Black "Hebden, Mark L"]
[Result "0-1"]
[WhiteElo "2410"]
[BlackElo "2520"]
[PlyCount "56"]
[EventDate "1989.07.31"]
[EventType "swiss"]
[EventRounds "11"]
[EventCountry "GBR"]
[SourceTitle "BritBase"]
[Source "John Saunders"]
[SourceDate "2023.12.16"]
[SourceVersion "1"]
[SourceVersionDate "2023.12.16"]
[SourceQuality "1"]

1. d4 Nf6 2. c4 c5 3. d5 b5 4. cxb5 a6 5. bxa6 g6 6. b3 Bg7 7. Bb2 O-O 8. g3 d6
9. Bg2 Nxa6 10. Nc3 Bb7 11. e4 e6 12. Nge2 exd5 13. exd5 Nb4 14. a3 Nfxd5 15.
O-O Nxc3 16. Bxc3 Bxg2 17. Kxg2 Nc6 18. Bxg7 Kxg7 19. b4 cxb4 20. Rc1 Ne5 21.
axb4 Qb6 22. Qd2 Qb7+ 23. f3 Rfe8 24. Nf4 Ra3 25. Qxd6 Ra2+ 26. Kh3 Nxf3 27.
Ng2 Rxg2 28. Kxg2 Ne1+ 0-1

[Event "GBR-ch76"]
[Site "Plymouth"]
[Date "1989.08.09"]
[Round "9.7"]
[White "Cooper, John Grantley"]
[Black "Conquest, Stuart C"]
[Result "0-1"]
[WhiteElo "2390"]
[BlackElo "2515"]
[PlyCount "70"]
[EventDate "1989.07.31"]
[EventType "swiss"]
[EventRounds "11"]
[EventCountry "GBR"]
[SourceTitle "BritBase"]
[Source "John Saunders"]
[SourceDate "2023.12.16"]
[SourceVersion "1"]
[SourceVersionDate "2023.12.16"]
[SourceQuality "1"]

1. Nf3 d5 2. d4 c6 3. c4 e6 4. Qc2 Nd7 5. g3 Ngf6 6. Bg2 b6 7. O-O Bb7 8. Nc3
Be7 9. e4 dxc4 10. e5 Nd5 11. Ne4 b5 12. Bg5 f6 13. exf6 gxf6 14. Bh6 Rg8 15.
Rfe1 Rg6 16. Bd2 Qc7 17. b3 cxb3 18. axb3 b4 19. Bh3 f5 20. Nc5 Nxc5 21. dxc5
a5 22. Ne5 Rg7 23. Bg2 O-O-O 24. Nc4 Bxc5 25. Rxe6 f4 26. Qf5 Kb8 27. Rxa5
Bxf2+ 28. Kh1 Ne3 29. Qc5 Nxc4 30. Qxf2 Qxa5 31. Bxf4+ Ka8 32. bxc4 b3 33. Re1
Rgd7 34. Bf3 c5 35. Kg2 Bxf3+ 0-1

[Event "GBR-ch76"]
[Site "Plymouth"]
[Date "1989.08.09"]
[Round "9.8"]
[White "Watson, William Nicholas"]
[Black "Beaumont, Chris R"]
[Result "1/2-1/2"]
[WhiteElo "2495"]
[BlackElo "2460"]
[PlyCount "76"]
[EventDate "1989.07.31"]
[EventType "swiss"]
[EventRounds "11"]
[EventCountry "GBR"]
[SourceTitle "BritBase"]
[Source "John Saunders"]
[SourceDate "2023.12.16"]
[SourceVersion "1"]
[SourceVersionDate "2023.12.16"]
[SourceQuality "1"]

1. e4 d6 2. d4 Nf6 3. Nc3 g6 4. f4 Bg7 5. Nf3 c5 6. Bb5+ Nc6 7. dxc5 Qa5 8. O-O
O-O 9. Qe1 Nd7 10. a4 Nxc5 11. f5 Bd7 12. Qh4 Qb4 13. Bd2 Rae8 14. Rae1 Nd4 15.
Bh6 Nxf3+ 16. Rxf3 Bxh6 17. Qxh6 Qd4+ 18. Kh1 Qg7 19. Qh4 Qe5 20. Rh3 h5 21.
Rg3 Kg7 22. Rg5 Qd4 23. Rd1 Qe3 24. Rg3 Qh6 25. Nd5 e6 26. Nf6 Bxb5 27. axb5
exf5 28. Nxe8+ Rxe8 29. exf5 Ne4 30. Rf3 g5 31. Qe1 h4 32. Qb4 g4 33. Qd4+ Kh7
34. Qd5 gxf3 35. Qxf7+ Qg7 36. Qh5+ Qh6 37. Qf7+ Qg7 38. Qh5+ Qh6 1/2-1/2

[Event "GBR-ch76"]
[Site "Plymouth"]
[Date "1989.08.09"]
[Round "9.9"]
[White "Emms, John M"]
[Black "Motwani, Paul"]
[Result "1-0"]
[WhiteElo "2300"]
[BlackElo "2490"]
[PlyCount "83"]
[EventDate "1989.07.31"]
[EventType "swiss"]
[EventRounds "11"]
[EventCountry "GBR"]
[SourceTitle "BritBase"]
[Source "John Saunders"]
[SourceDate "2023.12.16"]
[SourceVersion "1"]
[SourceVersionDate "2023.12.16"]
[SourceQuality "1"]

1. e4 e5 2. Nf3 Nc6 3. Bb5 a6 4. Ba4 Nf6 5. O-O Be7 6. Re1 b5 7. Bb3 O-O 8. c3
d6 9. h3 Be6 10. d4 Bxb3 11. Qxb3 d5 12. exd5 Na5 13. Qc2 exd4 14. Nxd4 Nxd5
15. Nd2 Bf6 16. N2f3 c5 17. Nf5 Ra7 18. Bd2 Nc4 19. Rad1 Rd7 20. Bc1 Ne7 21.
Ng5 Ng6 22. Ne4 Re8 23. Nxf6+ gxf6 24. Bh6 Nxb2 25. Rxe8+ Qxe8 26. Rxd7 Qxd7
27. Qe4 Qd1+ 28. Kh2 Qd8 29. Qc6 Nd3 30. Qxa6 b4 31. cxb4 cxb4 32. Kg1 Ndf4 33.
Qb7 Nd5 34. g3 Nb6 35. Be3 Nd5 36. Nh6+ Kg7 37. Qxf7+ Kh8 38. Bd4 Ne5 39. Bxe5
fxe5 40. Qe6 Kg7 41. Nf5+ Kf8 42. Nd6 1-0

[Event "GBR-ch76"]
[Site "Plymouth"]
[Date "1989.08.09"]
[Round "9.10"]
[White "Crawley, Gavin"]
[Black "Barua, Dibyendu"]
[Result "1-0"]
[WhiteElo "2380"]
[BlackElo "2470"]
[PlyCount "79"]
[EventDate "1989.07.31"]
[EventType "swiss"]
[EventRounds "11"]
[EventCountry "GBR"]
[SourceTitle "BritBase"]
[Source "John Saunders"]
[SourceDate "2023.12.16"]
[SourceVersion "1"]
[SourceVersionDate "2023.12.16"]
[SourceQuality "1"]

1. Nf3 d5 2. c4 d4 3. g3 g6 4. Bg2 Bg7 5. O-O Nh6 6. d3 O-O 7. Nbd2 Nc6 8. Rb1
a5 9. a3 e5 10. b4 axb4 11. axb4 f6 12. Ne4 Nf7 13. e3 f5 14. Nc5 dxe3 15. Bxe3
b6 16. b5 Ne7 17. Nb3 Be6 18. Re1 h6 19. Bd4 e4 20. Bxg7 Kxg7 21. Nfd4 Qd7 22.
dxe4 Rad8 23. Nxe6+ Qxe6 24. exf5 Rxd1 25. fxe6 Rxb1 26. Rxb1 Nd6 27. Nd4 Kf6
28. Re1 Nxc4 29. Rc1 Ne5 30. f4 Nd3 31. Rxc7 Nc5 32. Nc6 Nf5 33. e7 Ra8 34. Bd5
Re8 35. g4 Ne3 36. Bf3 Ne6 37. Rd7 Nxf4 38. Kf2 Nc2 39. Bd1 Na3 40. Rd6+ 1-0

[Event "GBR-ch76"]
[Site "Plymouth"]
[Date "1989.08.09"]
[Round "9.11"]
[White "Ledger, Andrew J"]
[Black "Flear, Glenn C"]
[Result "1/2-1/2"]
[WhiteElo "2225"]
[BlackElo "2435"]
[PlyCount "62"]
[EventDate "1989.07.31"]
[EventType "swiss"]
[EventRounds "11"]
[EventCountry "GBR"]
[SourceTitle "BritBase"]
[Source "John Saunders"]
[SourceDate "2023.12.16"]
[SourceVersion "1"]
[SourceVersionDate "2023.12.16"]
[SourceQuality "1"]

1. Nf3 d5 2. g3 Nf6 3. Bg2 Bg4 4. O-O Nbd7 5. d3 e5 6. h3 Bxf3 7. Bxf3 Bc5 8.
Bg2 c6 9. c4 dxc4 10. dxc4 Qe7 11. Nc3 O-O 12. Na4 Bd6 13. Be3 Nc5 14. Nxc5
Bxc5 15. Qb3 Bxe3 16. Qxe3 a6 17. Rfd1 Rad8 18. Qb6 Rd7 19. Rxd7 Qxd7 20. e3 e4
21. Qd4 Qxd4 22. exd4 Rd8 23. Rd1 Kf8 24. Kf1 c5 25. d5 b5 26. Rc1 bxc4 27.
Rxc4 Rxd5 28. Ke2 Re5 29. Ra4 Re6 30. Rc4 Re5 31. Ra4 Re6 1/2-1/2

[Event "GBR-ch76"]
[Site "Plymouth"]
[Date "1989.08.09"]
[Round "9.12"]
[White "McNab, Colin Anderson"]
[Black "McDonald, Neil R"]
[Result "0-1"]
[WhiteElo "2435"]
[BlackElo "2360"]
[PlyCount "80"]
[EventDate "1989.07.31"]
[EventType "swiss"]
[EventRounds "11"]
[EventCountry "GBR"]
[SourceTitle "BritBase"]
[Source "John Saunders"]
[SourceDate "2023.12.16"]
[SourceVersion "1"]
[SourceVersionDate "2023.12.16"]
[SourceQuality "1"]

1. Nf3 Nf6 2. c4 g6 3. g3 Bg7 4. Bg2 O-O 5. O-O d6 6. d4 Nc6 7. Nc3 a6 8. Bd2
e5 9. d5 Ne7 10. b4 Nh5 11. Qb3 h6 12. e4 f5 13. exf5 gxf5 14. Nh4 Qe8 15. c5
Ng6 16. Nxg6 Qxg6 17. cxd6 cxd6 18. Na4 f4 19. Nb6 e4 20. Nxc8 Raxc8 21. Rac1
Rxc1 22. Bxc1 Be5 23. gxf4 Bxf4 24. Kh1 Bxc1 25. Rxc1 Nf4 26. Qg3 Qxg3 27. hxg3
Nd3 28. Rc7 Nxf2+ 29. Kg1 e3 30. Re7 Nd1 31. Bh3 Rf3 32. Bc8 Nc3 33. Kg2 Rf2+
34. Kh3 e2 35. Bg4 Nxd5 36. Rxe2 Rxe2 37. Bxe2 Nxb4 38. Kg4 Kg7 39. Kf5 Nxa2
40. Ke6 Nc3 0-1

[Event "GBR-ch76"]
[Site "Plymouth"]
[Date "1989.08.09"]
[Round "9.13"]
[White "Kosten, Anthony C"]
[Black "Cavendish, James"]
[Result "1-0"]
[WhiteElo "2500"]
[BlackElo "2390"]
[PlyCount "79"]
[EventDate "1989.07.31"]
[EventType "swiss"]
[EventRounds "11"]
[EventCountry "GBR"]
[SourceTitle "BritBase"]
[Source "John Saunders"]
[SourceDate "2023.12.16"]
[SourceVersion "1"]
[SourceVersionDate "2023.12.16"]
[SourceQuality "1"]

1. e4 c5 2. Nf3 Nc6 3. d4 cxd4 4. Nxd4 e5 5. Nb5 a6 6. Nd6+ Bxd6 7. Qxd6 Qf6 8.
Qxf6 Nxf6 9. Nc3 d5 10. Bg5 Nxe4 11. Nxd5 Nxg5 12. Nc7+ Ke7 13. Nxa8 Nb4 14.
Bd3 e4 15. a3 Nd5 16. Bc4 Nf4 17. h4 Nxg2+ 18. Kf1 Nxh4 19. Rxh4 Bh3+ 20. Rxh3
Nxh3 21. Nb6 Kd6 22. Nd5 Ke5 23. Bb3 Rd8 24. c4 Ng5 25. Rd1 Nf3 26. Kg2 Rd6 27.
Ba2 h5 28. Kh1 h4 29. c5 Rg6 30. Ne3 h3 31. Rd5+ Kf6 32. Rd6+ Ke5 33. Rxg6 fxg6
34. Bd5 Kd4 35. Bxb7 Kxc5 36. Bxe4 Ne5 37. f4 Nd7 38. Bxg6 Nb6 39. Bc2 a5 40.
Kh2 1-0

[Event "GBR-ch76"]
[Site "Plymouth"]
[Date "1989.08.09"]
[Round "9.14"]
[White "Cullip, Stephen J"]
[Black "Murugan, Krishnamoorthy"]
[Result "1/2-1/2"]
[WhiteElo "2300"]
[BlackElo "2450"]
[PlyCount "115"]
[EventDate "1989.07.31"]
[EventType "swiss"]
[EventRounds "11"]
[EventCountry "GBR"]
[SourceTitle "BritBase"]
[Source "John Saunders"]
[SourceDate "2023.12.16"]
[SourceVersion "1"]
[SourceVersionDate "2023.12.16"]
[SourceQuality "1"]

1. e4 c5 2. Nf3 Nc6 3. d4 cxd4 4. Nxd4 g6 5. Be3 Bg7 6. c4 Nf6 7. Nc3 O-O 8.
Be2 d6 9. O-O Bd7 10. Rc1 Nxd4 11. Bxd4 Bc6 12. f3 a5 13. Qd2 Nd7 14. Bxg7 Kxg7
15. f4 Nc5 16. Bf3 Qb6 17. Kh1 Rfd8 18. Rfd1 Qb4 19. Qe2 e5 20. f5 Kh8 21. Bg4
f6 22. fxg6 hxg6 23. Rf1 Kg7 24. Rcd1 Rf8 25. a3 Qb6 26. Rxd6 Qc7 27. Rdd1 a4
28. Nd5 Bxd5 29. cxd5 Qd6 30. Rf3 Rh8 31. g3 Rhf8 32. Kg2 Rf7 33. h4 Rh8 34.
Qc4 b6 35. Rdf1 Rh7 36. Rc3 Rh8 37. Qe2 f5 38. exf5 Qxd5+ 39. Kh2 e4 40. fxg6
Rxf1 41. Qxf1 Rf8 42. Qg2 Qd4 43. Rc2 e3 44. Bf3 Kxg6 45. Qe2 Rf6 46. Kg2 Qe5
47. Rc4 Rd6 48. Rg4+ Kf6 49. Rg5 Qe6 50. Bd5 Rxd5 51. Qf3+ Rf5 52. Rxf5+ Qxf5
53. Qxe3 Qc2+ 54. Qf2+ Qxf2+ 55. Kxf2 Nd3+ 56. Ke3 Nxb2 57. Kd4 b5 58. Kc5
1/2-1/2

[Event "GBR-ch76"]
[Site "Plymouth"]
[Date "1989.08.09"]
[Round "9.15"]
[White "Nicholson, John Graham"]
[Black "Wells, Peter K"]
[Result "1-0"]
[WhiteElo "2295"]
[BlackElo "2400"]
[PlyCount "73"]
[EventDate "1989.07.31"]
[EventType "swiss"]
[EventRounds "11"]
[EventCountry "GBR"]
[SourceTitle "BritBase"]
[Source "John Saunders"]
[SourceDate "2023.12.16"]
[SourceVersion "1"]
[SourceVersionDate "2023.12.16"]
[SourceQuality "1"]

1. e4 e5 2. Nf3 Nc6 3. Bb5 Nf6 4. O-O Nxe4 5. d4 Nd6 6. Bxc6 dxc6 7. dxe5 Nf5
8. Qxd8+ Kxd8 9. Nc3 h6 10. b3 Be6 11. Ne2 Bc5 12. Nf4 Kc8 13. Bb2 a5 14. a4
Rd8 15. Nxe6 fxe6 16. Rad1 Rf8 17. Nd4 Bxd4 18. Bxd4 b6 19. g4 Ne7 20. f4 Kb7
21. c4 h5 22. h3 hxg4 23. hxg4 Rh8 24. Kg2 Rh4 25. Kf3 Rh3+ 26. Ke4 Rg3 27. Rg1
Rxb3 28. f5 c5 29. Be3 exf5+ 30. gxf5 Rh8 31. Rd7 Rh4+ 32. Bf4 Rb4 33. Rxe7
Rxc4+ 34. Kd5 Rhxf4 35. Rgxg7 Rxa4 36. Rxc7+ Ka6 37. Kc6 1-0

[Event "GBR-ch76"]
[Site "Plymouth"]
[Date "1989.08.09"]
[Round "9.16"]
[White "Muir, Andrew J"]
[Black "Ward, Christopher G"]
[Result "1/2-1/2"]
[WhiteElo "2250"]
[BlackElo "2380"]
[PlyCount "80"]
[EventDate "1989.07.31"]
[EventType "swiss"]
[EventRounds "11"]
[EventCountry "GBR"]
[SourceTitle "BritBase"]
[Source "John Saunders"]
[SourceDate "2023.12.16"]
[SourceVersion "1"]
[SourceVersionDate "2023.12.16"]
[SourceQuality "1"]

1. d4 Nf6 2. c4 e6 3. Nc3 Bb4 4. e3 b6 5. Nge2 c5 6. a3 Ba5 7. Rb1 Na6 8. g3
Ne4 9. Bg2 Bb7 10. d5 Bxc3+ 11. Nxc3 Nxc3 12. bxc3 O-O 13. O-O e5 14. f4 d6 15.
f5 f6 16. Rf2 Nb8 17. e4 Qe8 18. h4 Nd7 19. g4 Kf7 20. Bf1 Ke7 21. Bd3 Ba6 22.
Be3 Rg8 23. Kh1 Kd8 24. a4 Kc7 25. a5 bxa5 26. Qa4 Nb6 27. Qxa5 Bb7 28. Bxc5
dxc5 29. Qxc5+ Kd7 30. Qa5 Qc8 31. c5 Nxd5 32. Rxb7+ Qxb7 33. c6+ Kxc6 34.
Qxd5+ Kc7 35. Qf7+ Kc6 36. Qe6+ Kc7 37. Qe7+ Kc6 38. Qe6+ Kc7 39. Qf7+ Kc6 40.
Qe6+ Kc7 1/2-1/2

[Event "GBR-ch76"]
[Site "Plymouth"]
[Date "1989.08.09"]
[Round "9.17"]
[White "Large, Peter G"]
[Black "Pein, Malcolm"]
[Result "0-1"]
[WhiteElo "2340"]
[BlackElo "2385"]
[PlyCount "70"]
[EventDate "1989.07.31"]
[EventType "swiss"]
[EventRounds "11"]
[EventCountry "GBR"]
[SourceTitle "BritBase"]
[Source "John Saunders"]
[SourceDate "2023.12.16"]
[SourceVersion "1"]
[SourceVersionDate "2023.12.16"]
[SourceQuality "1"]

1. e4 e6 2. d4 d5 3. Nc3 Nf6 4. e5 Nfd7 5. f4 c5 6. Nf3 Nc6 7. Be3 cxd4 8. Nxd4
Bc5 9. Qd2 O-O 10. O-O-O a6 11. Kb1 Bxd4 12. Bxd4 b5 13. Bf2 b4 14. Na4 Qa5 15.
b3 Qc7 16. Rc1 f6 17. c4 d4 18. exf6 Nxf6 19. Bd3 e5 20. fxe5 Nxe5 21. Bg3 Nh5
22. Bxe5 Qxe5 23. Nb6 Nf4 24. Rce1 Qc5 25. Be4 Rb8 26. Na4 Qd6 27. Rhf1 Bb7 28.
Bxb7 Rxb7 29. c5 Qg6+ 30. Ka1 Rbf7 31. g3 Qd3 32. Qxd3 Nxd3 33. Rxf7 Nxe1 34.
Rd7 Rc8 35. Rxd4 Nc2+ 0-1

[Event "GBR-ch76"]
[Site "Plymouth"]
[Date "1989.08.09"]
[Round "9.18"]
[White "Lane, Gary William"]
[Black "Holmes, Donald A"]
[Result "1-0"]
[WhiteElo "2385"]
[BlackElo "2310"]
[PlyCount "63"]
[EventDate "1989.07.31"]
[EventType "swiss"]
[EventRounds "11"]
[EventCountry "GBR"]
[SourceTitle "BritBase"]
[Source "John Saunders"]
[SourceDate "2023.12.16"]
[SourceVersion "1"]
[SourceVersionDate "2023.12.16"]
[SourceQuality "1"]

1. e4 c5 2. Nf3 e6 3. c3 Nf6 4. e5 Nd5 5. d4 cxd4 6. cxd4 b6 7. Nc3 Nxc3 8.
bxc3 Qc7 9. Bd2 d6 10. Bd3 Nd7 11. O-O Be7 12. Re1 Bb7 13. Bg5 Qd8 14. Bf4 d5
15. Qd2 a5 16. Qe2 O-O 17. h4 Re8 18. Ng5 Bxg5 19. Bxg5 f6 20. Qh5 Nf8 21. exf6
gxf6 22. Bh6 Re7 23. Re3 Qe8 24. Qg4+ Kh8 25. Rg3 Qf7 26. Qf3 Nd7 27. Bg7+ Qxg7
28. Rxg7 Rxg7 29. Bb5 f5 30. Bxd7 Rxd7 31. Re1 Re8 32. Qg3 1-0

[Event "GBR-ch76"]
[Site "Plymouth"]
[Date "1989.08.09"]
[Round "9.19"]
[White "Pigott, John C"]
[Black "Carr, Neil L"]
[Result "1-0"]
[WhiteElo "2370"]
[BlackElo "2315"]
[PlyCount "81"]
[EventDate "1989.07.31"]
[EventType "swiss"]
[EventRounds "11"]
[EventCountry "GBR"]
[SourceTitle "BritBase"]
[Source "John Saunders"]
[SourceDate "2023.12.16"]
[SourceVersion "1"]
[SourceVersionDate "2023.12.16"]
[SourceQuality "1"]

1. c4 g6 2. Nc3 Bg7 3. d4 d6 4. e4 Nf6 5. Nf3 O-O 6. Be2 e5 7. O-O Nc6 8. d5
Ne7 9. Nd2 c5 10. Rb1 Bh6 11. b4 b6 12. bxc5 bxc5 13. Nb3 Bxc1 14. Qxc1 Ne8 15.
f4 exf4 16. Qxf4 f6 17. h4 Nc7 18. Rf2 Kg7 19. Rbf1 Ba6 20. Nd1 Rb8 21. Ne3 Na8
22. Ng4 Ng8 23. h5 Nb6 24. e5 Nd7 25. exd6 Rb4 26. hxg6 hxg6 27. Bd3 Re8 28.
Nd2 Ne5 29. Nxe5 Rxe5 30. Qg3 Rg5 31. Qe3 Qxd6 32. Ne4 Qe7 33. Qd2 Rxd5 34.
cxd5 Rd4 35. d6 Qe5 36. Bxa6 Rxd2 37. Rxd2 Qxe4 38. d7 Qe3+ 39. Rff2 Nh6 40.
d8=Q Ng4 41. Qd7+ 1-0

[Event "GBR-ch76"]
[Site "Plymouth"]
[Date "1989.08.09"]
[Round "9.20"]
[White "Burgess, Graham K"]
[Black "Hamid, Rani"]
[Result "1/2-1/2"]
[WhiteElo "2350"]
[BlackElo "2165"]
[PlyCount "115"]
[EventDate "1989.07.31"]
[EventType "swiss"]
[EventRounds "11"]
[EventCountry "GBR"]
[SourceTitle "BritBase"]
[Source "John Saunders"]
[SourceDate "2023.12.16"]
[SourceVersion "1"]
[SourceVersionDate "2023.12.16"]
[SourceQuality "1"]

1. d4 Nf6 2. c4 e6 3. Nf3 b6 4. a3 Bb7 5. Nc3 d5 6. cxd5 exd5 7. g3 Be7 8. Qa4+
c6 9. Bg2 O-O 10. O-O Nbd7 11. Bf4 h6 12. Rad1 c5 13. Ne5 cxd4 14. Qxd4 Bc5 15.
Qd3 Nxe5 16. Bxe5 Qe7 17. Bxf6 Qxf6 18. b4 Be7 19. Bxd5 Rad8 20. Qe3 Bc8 21.
Rd4 Bh3 22. Rfd1 a5 23. Rf4 Qg5 24. Qf3 axb4 25. axb4 Kh8 26. Rfd4 f5 27. Qf4
Bf6 28. R4d3 Rfe8 29. Qxg5 hxg5 30. Bg2 Rxd3 31. Rxd3 Bxg2 32. Kxg2 Bxc3 33.
Rxc3 Re4 34. Re3 Rxb4 35. Re5 g6 36. Re7 Kg8 37. Rb7 Kf8 38. h3 Kg8 39. Kf3
Rb3+ 40. e3 Rb2 41. g4 Kf8 42. Rd7 Rb5 43. Kg3 Kg8 44. h4 gxh4+ 45. Kxh4 fxg4
46. Kxg4 Kf8 47. f4 Rb1 48. e4 Rg1+ 49. Kf3 Rf1+ 50. Kg4 Rg1+ 51. Kh4 b5 52. e5
b4 53. Rb7 g5+ 54. fxg5 Re1 55. Kh5 Rxe5 56. Kh6 Re8 57. Rxb4 Kg8 58. Rb6
1/2-1/2

[Event "GBR-ch76"]
[Site "Plymouth"]
[Date "1989.08.09"]
[Round "9.31"]
[White "Ruxton, Keith"]
[Black "Jackson, Sheila"]
[Result "1-0"]
[WhiteElo "2325"]
[BlackElo "2210"]
[PlyCount "101"]
[EventDate "1989.07.31"]
[EventType "swiss"]
[EventRounds "11"]
[EventCountry "GBR"]
[SourceTitle "BritBase"]
[Source "John Saunders"]
[SourceDate "2023.12.16"]
[SourceVersion "1"]
[SourceVersionDate "2023.12.16"]
[SourceQuality "1"]

1. e4 e5 2. Nf3 Nc6 3. Bb5 a6 4. Ba4 Nf6 5. O-O Be7 6. Re1 b5 7. Bb3 d6 8. c3
O-O 9. d4 Bg4 10. Be3 exd4 11. cxd4 d5 12. e5 Ne4 13. Nbd2 Na5 14. Bc2 Nxd2 15.
Bxd2 Nc4 16. Bc1 Qd7 17. b3 Nb6 18. Qd3 g6 19. Bh6 Rfc8 20. e6 Bxe6 21. Ne5 Qe8
22. Qg3 Bf8 23. Ng4 Nd7 24. f4 Bd6 25. Qh4 Be7 26. Bg5 Bxg5 27. fxg5 a5 28. Re3
Ra6 29. Bd3 Rb6 30. Rf1 Qf8 31. Nh6+ Kg7 32. Rxe6 Rxe6 33. Rxf7+ Qxf7 34. Nxf7
Rce8 35. Ne5 Nxe5 36. dxe5 c6 37. Qh6+ Kg8 38. h4 R8e7 39. h5 Rxe5 40. hxg6
hxg6 41. Bxg6 c5 42. Bf5 c4 43. Qg6+ Kf8 44. Qf6+ Kg8 45. g6 Re1+ 46. Kh2 R1e3
47. g7 Rxg7 48. Be6+ Kh8 49. Qf8+ Kh7 50. Bf5+ Kh6 51. Qf6+ 1-0

[Event "GBR-ch76"]
[Site "Plymouth"]
[Date "1989.08.10"]
[Round "10.2"]
[White "Hodgson, Julian M"]
[Black "Norwood, David Robert"]
[Result "0-1"]
[WhiteElo "2535"]
[BlackElo "2485"]
[PlyCount "92"]
[EventDate "1989.07.31"]
[EventType "swiss"]
[EventRounds "11"]
[EventCountry "GBR"]
[SourceTitle "BritBase"]
[Source "John Saunders"]
[SourceDate "2023.12.16"]
[SourceVersion "1"]
[SourceVersionDate "2023.12.16"]
[SourceQuality "1"]

1. e4 g6 2. d4 Bg7 3. c3 d6 4. f4 Nf6 5. Bd3 O-O 6. Nf3 c5 7. dxc5 Nbd7 8. cxd6
exd6 9. O-O Nc5 10. Qc2 Re8 11. Nbd2 Bd7 12. Nd4 Rc8 13. Kh1 Qe7 14. f5 Nfxe4
15. Bxe4 Nxe4 16. fxg6 hxg6 17. Nxe4 Qxe4 18. Qb3 Be6 19. Nxe6 Rxe6 20. Bf4 Rc5
21. Bg3 Rf5 22. Rxf5 gxf5 23. Qd1 Be5 24. Bxe5 dxe5 25. Qd2 f4 26. Re1 Qf5 27.
Qd5 b6 28. h3 Kg7 29. b4 Kg6 30. Re4 Kf6 31. c4 f3 32. Re1 e4 33. Rf1 Re5 34.
Qd4 Kg6 35. Qg1 Kf6 36. Qd4 Kg7 37. c5 bxc5 38. bxc5 Kh7 39. c6 Rd5 40. Qe3 Rd3
41. Qf2 fxg2+ 42. Qxg2 Rxh3+ 43. Kg1 Qc5+ 44. Rf2 Qc1+ 45. Qf1 Qg5+ 46. Rg2 Qh5
0-1